Smäd po láske ; Príboj (Record no. 21094)
[ view plain ]
| 000 -LEADER | |
|---|---|
| fixed length control field | 02010cam a2200517 a 4500 |
| 001 - CONTROL NUMBER | |
| control field | 21094 |
| 003 - CONTROL NUMBER IDENTIFIER | |
| control field | VRT |
| 005 - DATE AND TIME OF LATEST TRANSACTION | |
| control field | 20260213133638.0 |
| 008 - FIXED-LENGTH DATA ELEMENTS--GENERAL INFORMATION | |
| fixed length control field | 240226s1988 xo gr 000 f slo |
| 015 ## - NATIONAL BIBLIOGRAPHY NUMBER | |
| National bibliography number | SNBA1988/08 |
| 020 ## - INTERNATIONAL STANDARD BOOK NUMBER | |
| Qualifying information | (viazané) |
| 035 ## - SYSTEM CONTROL NUMBER | |
| System control number | SNK000064714 |
| 035 ## - SYSTEM CONTROL NUMBER | |
| System control number | FE48854E-F583-4977-B9DF-2287D10350DF |
| 035 ## - SYSTEM CONTROL NUMBER | |
| System control number | urn:nbn:sk:snk-am00ihvu |
| 039 #9 - LEVEL OF BIBLIOGRAPHIC CONTROL AND CODING DETAIL [OBSOLETE] | |
| Level of rules in bibliographic description | 202405271235 |
| Level of effort used to assign nonsubject heading access points | csnk01 |
| Level of effort used to assign subject headings | 202405271234 |
| Level of effort used to assign classification | AUTHORITY |
| Level of effort used to assign subject headings | 202405271219 |
| Level of effort used to assign classification | AUTHORITY |
| Level of effort used to assign subject headings | 202405271218 |
| Level of effort used to assign classification | csnk01 |
| 040 ## - CATALOGING SOURCE | |
| Original cataloging agency | SNK |
| Language of cataloging | slo |
| Transcribing agency | SNK |
| Description conventions | AACR2 |
| 041 1# - LANGUAGE CODE | |
| Language code of text/sound track or separate title | slo |
| Language code of original | jpn |
| 044 ## - COUNTRY OF PUBLISHING/PRODUCING ENTITY CODE | |
| MARC country code | xo |
| ISO country code | SK |
| 072 #7 - SUBJECT CATEGORY CODE | |
| Subject category code | 821.521 |
| Subject category code subdivision | Japonská literatúra |
| Source | konspekt |
| 080 ## - UNIVERSAL DECIMAL CLASSIFICATION NUMBER | |
| Universal Decimal Classification number | 895.6-3 |
| Edition identifier | 1997 |
| 080 ## - UNIVERSAL DECIMAL CLASSIFICATION NUMBER | |
| Universal Decimal Classification number | 821.521-3 |
| Edition identifier | 2011 |
| 100 1# - MAIN ENTRY--PERSONAL NAME | |
| Personal name | Mišima, Jukio, |
| Dates associated with a name | 1925-1970 |
| Relationship | aut |
| 245 10 - TITLE STATEMENT | |
| Title | Smäd po láske ; Príboj |
| Statement of responsibility, etc. | Jukio Mišima ; z japonských originálov Ai no kawaki ..., Šiosai ... preložil a doslov napísal a poznámky spracoval Karol Kuťka |
| 250 ## - EDITION STATEMENT | |
| Edition statement | 1. vyd. |
| 260 ## - PUBLICATION, DISTRIBUTION, ETC. | |
| Place of publication, distribution, etc. | Bratislava |
| Name of publisher, distributor, etc. | Tatran |
| Date of publication, distribution, etc. | 1988 |
| Place of manufacture | Banská Bystrica |
| Manufacturer | Tlačiarne SNP |
| 300 ## - PHYSICAL DESCRIPTION | |
| Extent | 265 strán |
| Dimensions | 21 cm |
| 366 ## - TRADE AVAILABILITY INFORMATION | |
| Note | 8000 výtl. |
| 490 1# - SERIES STATEMENT | |
| Series statement | LUK - Knižnica modernej svetovej prózy |
| Volume/sequential designation | zv. 129 |
| 500 ## - GENERAL NOTE | |
| General note | Dokumet obsahuje 2 diela. Vysvetlivky |
| 655 #7 - INDEX TERM--GENRE/FORM | |
| Genre/form data or focus term | japonské romány |
| Source of term | SNKPH |
| 700 1# - ADDED ENTRY--PERSONAL NAME | |
| Personal name | Kuťka, Karol, |
| Dates associated with a name | 1951- |
| Relationship | trl |
| -- | aft |
| 700 1# - ADDED ENTRY--PERSONAL NAME | |
| Personal name | Mišima, Jukio, |
| Dates associated with a name | 1925-1970 |
| Title of a work | Ai no kawaki |
| Language of a work | Slovensky |
| 700 1# - ADDED ENTRY--PERSONAL NAME | |
| Personal name | Mišima, Jukio, |
| Dates associated with a name | 1925-1970 |
| Title of a work | Šiosai |
| Language of a work | Slovensky |
| 740 02 - ADDED ENTRY--UNCONTROLLED RELATED/ANALYTICAL TITLE | |
| Uncontrolled related/analytical title | Príboj |
| 830 #0 - SERIES ADDED ENTRY--UNIFORM TITLE | |
| Uniform title | LUK - Knižnica modernej svetovej prózy |
| 942 ## - ADDED ENTRY ELEMENTS (KOHA) | |
| Source of classification or shelving scheme | Dewey Decimal Classification |
| Koha item type | Krásna literatúra pre dospelých |
| Suppress in OPAC | No |
| 949 ## - LOCAL PROCESSING INFORMATION (OCLC) | |
| 6 | 270001000104751 |
| a | svkbbA 63373 |
| b | svkbbm 515740 |
| p | 515.740 |
| 949 ## - LOCAL PROCESSING INFORMATION (OCLC) | |
| 6 | 17A0929558 |
| a | snkSC 72014 |
| b | snkKSP 5708/88 |
| s | 6100:20221003 |
| 949 ## - LOCAL PROCESSING INFORMATION (OCLC) | |
| 6 | 4710702481 |
| 9 | 1 |
| a | strmkB |
| b | strmk2008/2481 |
| 949 ## - LOCAL PROCESSING INFORMATION (OCLC) | |
| 6 | 17A0076809 |
| 9 | P60, <04>, [BOOK], {604} |
| a | snkSC 72014 D1 |
| 949 ## - LOCAL PROCESSING INFORMATION (OCLC) | |
| 6 | 2889126898 |
| a | savukM 83700 |
| 949 ## - LOCAL PROCESSING INFORMATION (OCLC) | |
| 6 | 2889057318 |
| a | savukM 83699 |
| 949 ## - LOCAL PROCESSING INFORMATION (OCLC) | |
| 6 | 270001000105208 |
| a | svkbbA 63373-a |
| b | svkbbm 516183 |
| p | 516.183 |
| Stav vyradenia | Strata | Poškodenie | Spôsob nadobudnutia | Domovská knižnica | Aktuálna knižnica | Dátum nadobudnutia | Total checkouts | Čiarový kód exemplára | Date last seen | Typ exemplára |
|---|---|---|---|---|---|---|---|---|---|---|
| Dar | Obecná knižnica Horná Štubňa | Obecná knižnica Horná Štubňa | 13.02.2026 | 4736201271 | 13.02.2026 | Krásna literatúra pre dospelých |
